[Event "COL-ch U1700"]
[White "Suaza Sanabria, Laura Sofia"]
[Black "Marquez, Lucas Mateo"]
[Site "Pereira"]
[Round "6"]
[Result "1-0"]
[Date "2019.03.24"]
[WhiteElo "1410"]
[BlackElo "1279"]
[PlyCount "77"]
[EventDate "2019.03.21"]
[EventType "swiss"]
[EventRounds "9"]
[EventCountry "COL"]
[SourceTitle "CBM 189 Extra"]
[Source "ChessBase"]
[SourceDate "2019.05.31"]
[SourceVersion "1"]
[SourceVersionDate "2019.05.31"]
[SourceQuality "1"]

1. e4 c6 2. d4 d5 3. Nc3 dxe4 4. Nxe4 Bf5 5. Nc3 e6 6. a3 a5 7. Be3 Nf6 8. h3 h5 9. Bd3 Bxd3 10. Qxd3 Be7 11. Nf3 Nbd7 12. 0-0 Qc7 13. b4 axb4 14. axb4 Rxa1 15. Rxa1 Bxb4 16. Ra8+ Nb8 17. Nb5 cxb5 18. Qxb5+ Nfd7 19. Qxb4 b6 20. Bg5 f6 21. Bh4 Qb7 22. Ra3 Nc6 23. Qd6 Nd8 24. Rc3 Qb8 25. Rc7 Qxc7 26. Qxc7 g5 27. Bg3 h4 28. Bd6 Rg8 29. Nd2 f5 30. Nc4 b5 31. Ne5 Rg7 32. Nc6 Nxc6 33. Qxc6 b4 34. Qc8+ Kf7 35. Qxd7+ Kg6 36. Qxe6+ Kh7 37. Qxf5+ Kh6 38. Qf6+ Rg6 39. Qh8# 1-0

[Event "COL-ch Amateur U1700"]
[White "Rincon Gonzalez, Rafael"]
[Black "Marquez, Lucas Mateo"]
[Site "Bogota"]
[Round "5.45"]
[Result "1-0"]
[Date "2018.02.17"]
[WhiteElo "1479"]
[BlackElo "1334"]
[PlyCount "20"]
[EventDate "2018.02.15"]
[EventType "swiss"]
[EventRounds "7"]
[EventCountry "COL"]
[SourceTitle "EXT 2024"]
[Source "ChessBase"]
[SourceDate "2023.10.10"]
[SourceVersion "1"]
[SourceVersionDate "2023.10.10"]
[SourceQuality "1"]

1. Nc3 d5 2. d4 e6 3. Nf3 c5 4. e3 c4 5. b3 Bb4 6. Bd2 Bxc3 7. Bxc3 b5 8. a4 bxa4 9. bxc4 Bd7 10. Ne5 a3 1-0

[Event "COL-ch sf3 U12"]
[White "Vargas, Daniel Fernando"]
[Black "Marquez, Lucas Mateo"]
[Site "Zipaquira"]
[Round "6.5"]
[Result "0-1"]
[Date "2017.04.02"]
[WhiteElo "1527"]
[BlackElo "1236"]
[PlyCount "128"]
[EventDate "2017.03.30"]
[EventType "swiss"]
[EventRounds "6"]
[EventCountry "COL"]
[SourceTitle "EXT 2024"]
[Source "ChessBase"]
[SourceDate "2023.10.10"]
[SourceVersion "1"]
[SourceVersionDate "2023.10.10"]
[SourceQuality "1"]

1. c4 c6 2. e3 Nf6 3. Nc3 e6 4. Nf3 d5 5. d4 Bb4 6. Bd2 Nbd7 7. Bd3 0-0 8. Qc2 Qc7 9. 0-0 c5 10. dxc5 Bxc5 11. cxd5 exd5 12. Rac1 b6 13. Qb1 a5 14. a3 Bb7 15. b4 axb4 16. axb4 Bd6 17. Nb5 Qb8 18. Nxd6 Qxd6 19. Rfd1 Ba6 20. b5 Bb7 21. Bc3 g6 22. Qb2 Rae8 23. h3 Nh5 24. Ra1 f6 25. Ra7 Qb8 26. Raa1 Qc7 27. Rdc1 Nc5 28. Qb1 Qf7 29. Bd4 Rc8 30. Bxc5 bxc5 31. Ra7 Ng7 32. b6 c4 33. Be2 Ne6 34. Nd4 Nc5 35. Qb5 Qe7 36. Bf3 Rfd8 37. Be2 Ne4 38. Bxc4 dxc4 39. Rxc4 Nd6 40. Nc6 Bxc6 41. Qb4 Bb7 42. Rxc8 Rxc8 43. Rxb7 Qxb7 44. Qxd6 Rc1+ 45. Kh2 Rc6 46. Qd5+ Kg7 47. Qd8 Rxb6 48. Qd3 Qb8+ 49. g3 Qb7 50. e4 Re6 51. h4 Qxe4 52. Qd7+ Re7 53. Qd6 Qe5 54. Qd8 Qe2 55. Kg2 Qe4+ 56. Kh2 Rb7 57. h5 gxh5 58. Qc8 Qe7 59. Qc4 Qf7 60. Qe4 Re7 61. Qb4 Re2 62. Qd4 Qb7 63. Qc5 Re1 64. f3 Qb2+ 0-1

[Event "Manizales op 26th"]
[White "Ossa Quintero, Vladimir Andrey"]
[Black "Marquez, Lucas Mateo"]
[Site "Manizales"]
[Round "1"]
[Result "1-0"]
[Date "2017.01.04"]
[WhiteElo "1968"]
[BlackElo "1249"]
[PlyCount "31"]
[EventDate "2017.01.04"]
[EventType "swiss"]
[EventRounds "9"]
[EventCountry "COL"]
[SourceTitle "CBM 176 Extra"]
[Source "ChessBase"]
[SourceDate "2017.03.02"]
[SourceVersion "1"]
[SourceVersionDate "2017.03.02"]
[SourceQuality "1"]

1. e4 c6 2. d4 d5 3. Nd2 e6 4. c3 Nf6 5. e5 Nfd7 6. Bd3 Be7 7. Ne2 0-0 8. h4 f6 9. Nf4 Nb6 10. Qh5 f5 11. g4 Rf7 12. gxf5 exf5 13. Rg1 g6 14. Nxg6 hxg6 15. Qxg6+ Kh8 16. Qxf7 1-0

[Event "Santiago de Cali op"]
[White "Rios Gomez, Cristhian Camilo"]
[Black "Marquez, Lucas Mateo"]
[Site "Cali"]
[Round "1"]
[Result "1-0"]
[Date "2016.12.26"]
[WhiteElo "2482"]
[BlackElo "1242"]
[PlyCount "43"]
[EventDate "2016.12.26"]
[EventType "swiss"]
[EventRounds "8"]
[EventCountry "COL"]
[SourceTitle "EXT 2018"]
[Source "ChessBase"]
[SourceDate "2017.10.13"]
[SourceVersion "1"]
[SourceVersionDate "2017.10.13"]
[SourceQuality "1"]

1. d4 Nf6 2. c4 e6 3. Nc3 Bb4 4. Qc2 c6 5. e4 Bxc3+ 6. bxc3 0-0 7. Bg5 h6 8. Bh4 Qa5 9. e5 Ne8 10. Be7 f6 11. Bxf8 Kxf8 12. exf6 Nxf6 13. Nf3 d5 14. Bd3 dxc4 15. Bxc4 b5 16. Bb3 Qa3 17. 0-0 a5 18. Rfe1 Qd6 19. a4 bxa4 20. Rxa4 g5 21. Qg6 Ke7 22. Qg7+ 1-0